|
|
|
|
| LEADER |
01112nam a22002532a 4500 |
| 001 |
000283828 |
| 003 |
CZ BrMZK |
| 005 |
19980107143423.0 |
| 008 |
980107s1987 xo f slo d |
| 040 |
|
|
|a BOA001
|b cze
|
| 080 |
|
|
|a 372.874.64(075.3):377.5
|2 MRF
|
| 080 |
|
|
|a 372.868.71:792(075.3):377.5
|2 MRF
|
| 100 |
1 |
|
|a Skarlantová, Jana,
|d 1944-
|7 jk01111511
|
| 245 |
1 |
0 |
|a Základy odevného výtvarníctva pre 2. a 3. ročník SPŠO :
|b študijný odbor 31-25-6 odevníctvo a učebný odbor 07-73-2 krajčírka so zameraním na scénické kostýmy /
|c Jana Skarlantová, Jaroslava Zárecká
|
| 250 |
|
|
|a 2. slov. vyd.
|
| 260 |
|
|
|a Bratislava :
|b Alfa,
|c 1987
|
| 300 |
|
|
|a 93 s., 22 obr. na příl.
|
| 490 |
1 |
|
|a Edícia literatúry pre spotrebný priemysel
|
| 700 |
1 |
|
|a Zárecká, Jaroslava
|7 mzk2010473983
|4 aut
|
| 830 |
|
0 |
|a Edícia literatúry pre spotrebný priemysel (Alfa)
|
| 910 |
|
|
|a BOA001
|b PK-N-0026.649
|
| 964 |
|
|
|a Výtvarnictví oděvní - učebnice - školy průmyslové oděvní
|
| 990 |
|
|
|a BK
|
| 996 |
7 |
|
|b 3119918340
|c PK-N-0026.649
|l MZK
|r Sklad / do 1 hodiny
|n 0
|w 000283828
|u 000010
|a 1
|e BOA001
|j MZK50
|s A
|